|
|
|
|
| LEADER |
01431nam a22002657a 4500 |
| 001 |
9786185039097 |
| 003 |
BD-DhAAL |
| 005 |
20190519123819.0 |
| 008 |
160807s2014 gre||||| |||| 00| 0 eng d |
| 999 |
|
|
|c 37745
|d 37745
|
| 020 |
|
|
|a 9786185039097
|
| 040 |
|
|
|a BD-DhAAL
|c BD-DhAAL
|
| 082 |
|
|
|2 23
|a 779.092
|
| 100 |
|
|
|a Monteith, Matthew
|9 20258
|
| 245 |
|
|
|a The look /
|c Matthew Monteith; Diller Scofidio; Renfro.; Deste Foundation for Contemporary Art.; Glass House (New Canaan, Conn.)
|
| 260 |
|
|
|a Athens :
|b Deste Foundation for Contemporary Art,
|c 2014
|
| 300 |
|
|
|a 1 volume (unpaged) :
|b all color illustrations ;
|c 46 x 31 cm.
|
| 500 |
|
|
|a The Look is a narrative in eighteen scenes about youth, aging, timelessness, and identity. It is set in an ambiguous time.
"DS&R and Deste would like to acknowledge the participation of the Glass House and the National Trust for Historic Preservation"--Book jacket flap.
|
| 526 |
|
|
|a ARC
|
| 650 |
|
|
|a Photography, Artistic.
|9 20259
|
| 700 |
|
|
|a Diller Scofidio;
|9 20260
|
| 700 |
|
|
|a Renfro
|9 20261
|
| 852 |
|
|
|a Ayesha Abed Library
|c General Stacks
|
| 942 |
|
|
|2 ddc
|c BK
|
| 952 |
|
|
|0 0
|1 1
|2 ddc
|4 0
|6 779_092000000000000_MON
|7 0
|9 59508
|a ARC
|b ARC
|c GEN
|d 2016-08-07
|e Karim International
|g 16800.00
|l 0
|o 779.092 MON
|p 3010031221
|r 2016-08-07
|t 1
|w 2016-08-07
|y BK
|x lost from the ARC department library and approved by the Dean (reasons personal books withdrawn by Hasibul Kabir Sir and Building shifting)
|